00000000nam##2200000za#4500
0019.590766
003CaOODSP
00520250403104941
007cr |||||||||||
008150406|2001||||xxc|||||o    f|0| 0 fre|d
020 |a0-660-96433-3
022 |a1205-9161
040 |aCaOODSP|bfre
043 |an-cn---
0861 |aCS11-0019/157F-PDF
24500|aL'écart persistant : |h[ressource électronique]|bnouvelle évidence empirique concernant l'écart salarial entre les hommes et les femmes au Canada / |cpar Marie Drolet.
260 |aOttawa - Ontario : |bStatistique Canada |cJanvier 2001.
300 |a43p.|bréférences, tableaux
4901 |aDocuments de recherche - Direction des études analytiques|x1205-9161|vN° 157
500 |aLe n° de catalogue (11F0019MPE) et l'ISSN (1200-5231) de l'édition imprimée ont été incorrectement copiés dans l'édition électronique.
590 |a12-34-Supp|b2012-07-31
7102 |aStatistique Canada.
7201 |aDrolet, Marie
77508|tThe persistent gap : |w(CaOODSP)9.557511
7760#|tL'écart persistant : |w(CaOODSP)9.625480
830#0|aDocuments de recherche (Statistique Canada. Direction des études analytiques)|x1205-9161|vN° 157|w(CaOODSP)9.500842
85640|ahttp://publications.gc.ca|qPDF|s155 Ko|uhttps://publications.gc.ca/collections/collection_2012/statcan/11f0019m/11f0019m2001157-fra.pdf|yN° 157